Lecturas figurativas de la Biblia

Saved in:
Bibliografiske detaljer
Hovedforfatter: Turiot, Cécile (Author)
Format: Bog
Sprog:spansk
Udgivet: Pamplona Verbo Divino 2008
Serier:Cuadernos Bíblicos, 139
Fag:
Tags: Tilføj Tag
Ingen Tags, Vær først til at tagge denne postø!

MARC

LEADER 00000cam a2200000 a 4500
001 UCH8821
003 CL-VaPUC
008 091211e20080000SP |||||||||||||||||spa|d
020 |a 9788481698084 
082 0 4 |a 220.6  |b TUR  |2 21 
100 0 |a Turiot, Cécile  |e author  |9 545514 
245 1 0 |a Lecturas figurativas de la Biblia 
300 |a 59 p 
942 |c BK 
945 |d 20091211 00:00:00  |a dcastane 
260 |a Pamplona  |b Verbo Divino  |c 2008 
650 0 |a Biblia  |9 257603 
650 0 |a Antiguo testamento   |9 313678 
650 0 |a Nuevo testamento  |9 257604 
650 0 |a Exégesis   |9 365279 
650 0 |a Crítica e interpretación   |9 255042 
650 7 |a Mc 9, 14-29; 2 Re 5, 1-19; Gn 28, 10-22; Ex 31, 18-32, 39; Jn 8, 2-12; Mt 13, 24-30, 34-43; Ap 2, 5-11  |2 CL-VaPUC  |9 545515 
583 |a last modification  |c 20160705 11:03:36  |k Rodrigo Vera 
490 0 |a Cuadernos Bíblicos, 139 
999 |c 338928  |d 338926 
952 |0 0  |1 0  |4 0  |6 220_600000000000000_TUR_2008  |7 0  |8 A  |9 432230  |a BIBTEO  |b BIBTEO  |d 2019-11-22  |i 4623460  |o 220.6 TUR 2008  |p 4623460  |r 2025-01-17  |w 2019-11-22  |y BK  |k ICR 
952 |0 0  |1 0  |3 erb  |4 0  |6 220_600000000000000_TUR_2008  |7 0  |8 A  |9 432231  |a BIBTEO  |b BIBTEO  |i 5296013  |o 220.6 TUR 2008  |p 5296013  |r 2025-01-17  |w 2019-11-22  |y BK  |z Catalogado en:20160708  |k ICR